Cuenta Pública Año 2006: resumen ejecutivo
Gorde:
| Egile nagusia: | |
|---|---|
| Erakunde egilea: | |
| Formatua: | Liburua |
| Hizkuntza: | gaztelania |
| Argitaratua: |
Viña del Mar
s.n
2007
|
| Gaiak: | |
| Etiketak: |
Etiketa erantsi
Etiketarik gabe, Izan zaitez lehena erregistro honi etiketa jartzen!
|
MARC
| LEADER | 00000nam a2200000 a 4500 | ||
|---|---|---|---|
| 001 | UCH8263 | ||
| 003 | CL-VaPUC | ||
| 008 | 091127e20070000cl |||||||||||||||||spa|d | ||
| 082 | 0 | 4 | |a 351 |b REG |2 21 |
| 100 | 0 | |a Reginato Bozzo, Virginia |e author |9 544736 | |
| 110 | 2 | |a Ilustre Municipalidad de Viña del Mar |e author |9 544737 | |
| 245 | 1 | 0 | |a Cuenta Pública Año 2006: resumen ejecutivo |
| 300 | |a 167 p | ||
| 942 | |c BK | ||
| 945 | |d 20091127 00:00:00 |a lazolas | ||
| 260 | |a Viña del Mar |b s.n |c 2007 | ||
| 500 | |a Gestión de la Alcaldesa Virginia Reginato de la marcha general de la Municipalidad de Viña del Mar, durante el año 2006 | ||
| 650 | 0 | |a Administración pública |9 255343 | |
| 650 | 7 | |a GOBIERNO REGIONAL |2 CL-VaPUC |9 356897 | |
| 650 | 0 | |a Municipalidades |9 255557 | |
| 650 | 7 | |a CONSEJO MUNICIPAL |2 CL-VaPUC |9 544738 | |
| 650 | 0 | |a Obras públicas |9 261125 | |
| 651 | 0 | |a Viña del Mar |9 327030 | |
| 999 | |c 338493 |d 338491 | ||
| 583 | |k Rodrigo Vera | ||